Lexikon der Symbole
| Main Author: | |
|---|---|
| Format: | Print Book |
| Language: | German |
| Subito Delivery Service: | Order now. |
| Check availability: | HBZ Gateway |
| WorldCat: | WorldCat |
| Interlibrary Loan: | Interlibrary Loan for the Fachinformationsdienste (Specialized Information Services in Germany) |
| Published: |
Freiburg i. Br. [u.a.]
Herder
1992
|
| In: | Year: 1992 |
| Standardized Subjects / Keyword chains: | B
Symbol
B Art / Symbolism |
| Further subjects: | B
Dictionary
B Signs and symbols Dictionaries German B Encyclopaedia B Symbolism B Symbol B Signs and symbols Dictionaries German B Hermeneutics |
| Sammlungen: |
MARC
| LEADER | 00000cam a2200000 c 4500 | ||
|---|---|---|---|
| 001 | 276825624 | ||
| 003 | DE-627 | ||
| 005 | 20251222213149.0 | ||
| 007 | tu | ||
| 008 | 921216s1992 gw ||||| 00| ||ger c | ||
| 010 | |a 93237651 | ||
| 015 | |a 94,A08,0001 |2 dnb | ||
| 016 | 7 | |a 940201003 |2 DE-101 | |
| 020 | |a 3451224836 |9 3-451-22483-6 | ||
| 035 | |a (DE-627)276825624 | ||
| 035 | |a (DE-576)031160026 | ||
| 035 | |a (DE-599)GBV276825624 | ||
| 035 | |a (OCoLC)243731435 | ||
| 035 | |a (OCoLC)257102584 | ||
| 035 | |a (OCoLC)257102584 | ||
| 035 | |a (OCoLC)243731435 | ||
| 035 | |a (DE-Rt5)2060502 | ||
| 040 | |a DE-627 |b ger |c DE-627 |e rakwb | ||
| 041 | |a ger | ||
| 044 | |c XA-DE |c XA-CH |c XA-AT | ||
| 050 | 0 | |a AZ108 | |
| 082 | 0 | |a 302.2/22 | |
| 084 | |a REL 69 |2 sfb | ||
| 084 | |a VO 840 |2 sfb | ||
| 084 | |a 03 |a 09 |a 10 |a 25 |a 46 |2 sdnb | ||
| 084 | |a 0 |a 1 |2 ssgn | ||
| 084 | |a 1 |2 ssgn | ||
| 084 | |a 24 |2 ssgn | ||
| 084 | |a BB 1620 |2 rvk |0 (DE-625)rvk/9142: | ||
| 084 | |a AE 55000 |2 rvk |0 (DE-625)rvk/195: | ||
| 084 | |a LH 13000 |2 rvk |0 (DE-625)rvk/92339: | ||
| 084 | |a LC 91000 |2 rvk |0 (DE-625)rvk/90703:772 | ||
| 084 | |a BE 2650 |2 rvk |0 (DE-625)rvk/10537: | ||
| 084 | |a LH 61140 |2 rvk |0 (DE-625)rvk/94212: | ||
| 084 | |a AM 29600 |2 rvk |0 (DE-625)rvk/4242: | ||
| 084 | |a AP 15360 |2 rvk |0 (DE-625)rvk/6924: | ||
| 084 | |a LH 81200 |2 rvk |0 (DE-625)rvk/95149: | ||
| 084 | |a EC 3760 |2 rvk |0 (DE-625)rvk/20531: | ||
| 084 | |a 02.99 |2 bkl | ||
| 084 | |a 20.20 |2 bkl | ||
| 100 | 1 | |0 (DE-588)174090218 |0 (DE-627)698984536 |0 (DE-576)134923839 |4 aut |a Becker, Udo |d 1925- | |
| 109 | |a Becker, Udo 1925- | ||
| 245 | 1 | 0 | |a Lexikon der Symbole |c Udo Becker |
| 264 | 1 | |a Freiburg i. Br. [u.a.] |b Herder |c 1992 | |
| 300 | |a 352 S. |b zahlr. Ill. | ||
| 336 | |a Text |b txt |2 rdacontent | ||
| 337 | |a ohne Hilfsmittel zu benutzen |b n |2 rdamedia | ||
| 338 | |a Band |b nc |2 rdacarrier | ||
| 361 | 1 | |5 DE-32 |y 779195116 |s 191380 - A |o Vorbesitz |a Poethen, Johannes |0 (DE-588)118841203 |0 (DE-627)079616143 |0 (DE-576)162580495 | |
| 361 | 1 | |5 DE-32 |y 779195116 |s 191380 - A |o Vorbesitz |a Theil, Ruth |0 (DE-588)1244343331 |0 (DE-627)1775604896 |f Exlibris |f Exemplar: Donatorin | |
| 505 | 8 | |a Literaturverz. S. 351 - 352 | |
| 583 | 1 | |a Archivierung/Langzeitarchivierung gewährleistet |c 20211213 |f SLG |x XA-DE-BW |z IGPP |2 pdager |5 DE-25 | |
| 583 | 1 | |a Archivierung/Langzeitarchivierung gewährleistet |f SSG |x XA-DE-BW |2 pdager |5 DE-21 | |
| 601 | |a Lexikon | ||
| 650 | 0 | |a Signs and symbols |x Dictionaries |x German | |
| 650 | 0 | 7 | |0 (DE-588)4184194-3 |0 (DE-627)104805218 |0 (DE-576)210023937 |a Symbolik |2 gnd |
| 650 | 0 | 7 | |0 (DE-588)4128972-9 |0 (DE-627)105713252 |0 (DE-576)209606614 |a Hermeneutik |2 gnd |
| 650 | 0 | 7 | |0 (DE-588)4058716-2 |0 (DE-627)104117206 |0 (DE-576)209127716 |a Symbol |2 gnd |
| 653 | 0 | |a Signs and symbols |a Dictionaries |a German | |
| 655 | 7 | |a Enzyklopädie |0 (DE-588)4014986-9 |0 (DE-627)104675322 |0 (DE-576)208910085 |2 gnd-content | |
| 655 | 7 | |a Wörterbuch |0 (DE-588)4066724-8 |0 (DE-627)104682620 |0 (DE-576)209166061 |2 gnd-content | |
| 689 | 0 | 0 | |d s |0 (DE-588)4058716-2 |0 (DE-627)104117206 |0 (DE-576)209127716 |2 gnd |a Symbol |
| 689 | 0 | |5 DE-101 | |
| 689 | 1 | 0 | |d s |0 (DE-588)4114333-4 |0 (DE-627)105822957 |0 (DE-576)209483733 |2 gnd |a Kunst |
| 689 | 1 | 1 | |d s |0 (DE-588)4184194-3 |0 (DE-627)104805218 |0 (DE-576)210023937 |2 gnd |a Symbolik |
| 689 | 1 | |5 (DE-627) | |
| 889 | |w (DE-627)134306600 | ||
| 889 | |w (DE-627)123164915 | ||
| 935 | |a mteo |a BIIN |a RFBW | ||
| 935 | |i mdedup | ||
| 935 | |i Blocktest | ||
| 936 | r | v | |a BB 1620 |b Kunst |k Theologie und Religionswissenschaften |k Allgemeines zur Theologie |k Einführung in die Theologie |k Theologische Bezüge zu anderen Fachbereichen (soweit nicht bei BC - BW) |k Kunst |0 (DE-627)1270711385 |0 (DE-625)rvk/9142: |0 (DE-576)200711385 |
| 936 | r | v | |a AE 55000 |b Übergreifende Speziallexika nach Sachbegriffen (z.B. Frau, Krieg, Meer) |k Allgemeines |k Enzyklopädien, allgemeine Nachschlagewerke |k Übergreifende Speziallexika nach Sachbegriffen (z.B. Frau, Krieg, Meer) |0 (DE-627)1270655183 |0 (DE-625)rvk/195: |0 (DE-576)200655183 |
| 936 | r | v | |a LH 13000 |b Kunstadressbücher |k Kunstgeschichte |k Allgemeines. Allgemeine Kunstgeschichte |k Lexika, Bibliografien, Bibliothekskataloge |k Kunstadressbücher |0 (DE-627)1270651307 |0 (DE-625)rvk/92339: |0 (DE-576)200651307 |
| 936 | r | v | |a LC 91000 |b Darstellung ohne geografischen Bezug |k Sozial- und Kulturanthropologie. Empirische Kulturwissenschaft |k Kunst und Wissen |k Theater-, Musik- und Kunstethnologie |k Kunst |k Ornamentik, Symbolik |k Darstellung ohne geografischen Bezug |0 (DE-627)1271500272 |0 (DE-625)rvk/90703:772 |0 (DE-576)201500272 |
| 936 | r | v | |a BE 2650 |b Rituelle Symbolik |k Theologie und Religionswissenschaften |k Religionswissenschaft |k Systematische Religionswissenschaft |k Religionsphänomenologie |k Religiöses Leben und Praktiken |k Rituelle Symbolik |0 (DE-627)127065991X |0 (DE-625)rvk/10537: |0 (DE-576)20065991X |
| 936 | r | v | |a LH 61140 |b Stilkunde (sofern sich die Darstellungen auf mehr als eine Disziplin der Bildenden Kunst beziehen) |k Kunstgeschichte |k Allgemeines. Allgemeine Kunstgeschichte |k Theorie und Praxis der Bildenden Kunst |k Theorie der Bildenden Kunst |k Stilkunde (sofern sich die Darstellungen auf mehr als eine Disziplin der Bildenden Kunst beziehen) |0 (DE-627)1271071924 |0 (DE-625)rvk/94212: |0 (DE-576)201071924 |
| 936 | r | v | |a AM 29600 |b Bezeichnungen, Notationen, Symbole, Piktogramme |k Allgemeines |k Schrift und Handschriftenkunde. Schriftarten und Schreiben |k Zeichensysteme |k Bezeichnungen, Notationen, Symbole, Piktogramme |0 (DE-627)1270665561 |0 (DE-625)rvk/4242: |0 (DE-576)200665561 |
| 936 | r | v | |a AP 15360 |b Symbol |k Allgemeines |k Medien- und Kommunikationswissenschaften, Medienkulturwissenschaft, Kommunikationsdesign |k Formen der Kommunikation und des Kommunikationsdesigns |k Optische Formen, Visuelle Kommunikation, Gebrauchsgrafik |k Symbol |0 (DE-627)1270640860 |0 (DE-625)rvk/6924: |0 (DE-576)200640860 |
| 936 | r | v | |a LH 81200 |b Allgemein |k Kunstgeschichte |k Allgemeines. Allgemeine Kunstgeschichte |k Kunstgeschichte einzelner Gattungen der Kunst |k Ikonographie, Ikonologie |k Allegorie und Symbol |k Allgemein |0 (DE-627)1271119528 |0 (DE-625)rvk/95149: |0 (DE-576)201119528 |
| 936 | r | v | |a EC 3760 |b Symbol |k Allgemeine und vergleichende Sprach- und Literaturwissenschaft. Indogermanistik. Außereuropäische Sprachen und Literaturen |k Allgemeine und vergleichende Literaturwissenschaft. |k Poetik |k Stilistik |k Einzelne Stilmittel |k Bildersprache |k Symbol |0 (DE-627)1270749552 |0 (DE-625)rvk/20531: |0 (DE-576)200749552 |
| 936 | b | k | |a 02.99 |j Wissenschaft und Kultur allgemein: Sonstiges |0 (DE-627)106403249 |
| 936 | b | k | |a 20.20 |j Ikonographie |0 (DE-627)106402692 |
| 951 | |a BO | ||
| BIB | |a 1 | ||
| ELC | |b 1 | ||
| ITA | |a 1 |t 1 | ||
| LOK | |0 000 xxxxxcx a22 zn 4500 | ||
| LOK | |0 001 3154727736 | ||
| LOK | |0 003 DE-627 | ||
| LOK | |0 004 276825624 | ||
| LOK | |0 005 20130326171051 | ||
| LOK | |0 008 930111||||||||||||||||ger||||||| | ||
| LOK | |0 040 |a DE-21 |c DE-627 |d DE-21 | ||
| LOK | |0 852 |a DE-21 | ||
| LOK | |0 852 1 |c 33 A 22 |m p |9 00 | ||
| LOK | |0 852 2 |b LS |9 00 | ||
| LOK | |0 852 1 |c rel E 352 |9 01 | ||
| LOK | |0 935 |a konv |a alls |a theo |a theo | ||
| LOK | |0 936ln |a t12 | ||
| LOK | |0 938 |k p | ||
| LOK | |0 939 |a 11-01-93 |b l01 | ||
| LOK | |0 000 xxxxxcx a22 zn 4500 | ||
| LOK | |0 001 3154727809 | ||
| LOK | |0 003 DE-627 | ||
| LOK | |0 004 276825624 | ||
| LOK | |0 005 20100408152316 | ||
| LOK | |0 008 921218||||||||||||||||ger||||||| | ||
| LOK | |0 040 |a DE-21-35 |c DE-627 |d DE-21-35 | ||
| LOK | |0 541 |e 92/1751 | ||
| LOK | |0 852 |a DE-21-35 | ||
| LOK | |0 852 1 |c Pa 1.027 |m p |9 00 | ||
| LOK | |0 938 |k p | ||
| LOK | |0 939 |a 18-12-92 |b l01 | ||
| LOK | |0 000 xxxxxcx a22 zn 4500 | ||
| LOK | |0 001 3154727817 | ||
| LOK | |0 003 DE-627 | ||
| LOK | |0 004 276825624 | ||
| LOK | |0 005 20100407171851 | ||
| LOK | |0 008 041026||||||||||||||||ger||||||| | ||
| LOK | |0 040 |a DE-21-22 |c DE-627 |d DE-21-22 | ||
| LOK | |0 541 |e 93/43 | ||
| LOK | |0 689 |a s |0 1310470197 |a Symbolik, allg. | ||
| LOK | |0 852 |a DE-21-22 | ||
| LOK | |0 852 1 |c JA 12 a / 15 |m p |9 00 | ||
| LOK | |0 935 |a k022 | ||
| LOK | |0 938 |k p | ||
| LOK | |0 939 |a 26-10-04 |b l01 | ||
| LOK | |0 000 xxxxxcx a22 zn 4500 | ||
| LOK | |0 001 315472866X | ||
| LOK | |0 003 DE-627 | ||
| LOK | |0 004 276825624 | ||
| LOK | |0 005 20190311233559 | ||
| LOK | |0 008 190311||||||||||||||||ger||||||| | ||
| LOK | |0 035 |a (DE-Tue135-1)41863 | ||
| LOK | |0 040 |a DE-Tue135-1 |c DE-627 |d DE-Tue135-1 | ||
| LOK | |0 852 |a DE-Tue135-1 | ||
| LOK | |0 852 1 |c NT10063 |m p |9 00 | ||
| LOK | |0 852 2 |b M 45 |9 00 | ||
| LOK | |0 935 |a iMON | ||
| LOK | |0 938 |k p | ||
| LOK | |0 938 |l zahlr. Ill., Kt. Literaturverz. S. 351 - 352 |8 0 | ||
| LOK | |0 939 |a 11-03-19 |b l12 | ||
| LOK | |0 000 xxxxxcx a22 zn 4500 | ||
| LOK | |0 001 4541366584 | ||
| LOK | |0 003 DE-627 | ||
| LOK | |0 004 276825624 | ||
| LOK | |0 005 20240624110950 | ||
| LOK | |0 008 240624||||||||||||||||ger||||||| | ||
| LOK | |0 040 |a DE-Tue135 |c DE-627 |d DE-Tue135 | ||
| LOK | |0 092 |o n | ||
| LOK | |0 852 |a DE-Tue135 | ||
| LOK | |0 852 1 |9 00 | ||
| LOK | |0 866 |x SPQUE#Reformationsgeschichtliche Forschungsbibliothek Wittenberg#SPSAM#Lutherhaus#SPUSM#Neubestand | ||
| LOK | |0 935 |a RFBW |a lglu |a lgnb | ||
| LOK | |0 939 |a 24-06-24 |b l02 | ||
| ORI | |a SA-MARC-ixtheoa001.raw | ||
| REL | |a 1 | ||
| STA | 0 | 0 | |a Art,Art,Visual art,Hermeneutics,Symbol,Symbolism,Symbolics,Creeds |
| STB | 0 | 0 | |a Art,Art,Herméneutique,Symbole,Symbolisme,Symbolisme |
| STC | 0 | 0 | |a Arte,Arte,Hermenéutica,Simbolismo,Simbolismo,Símbolo |
| STD | 0 | 0 | |a Arte,Arte,Ermeneutica,Simbolismo,Simbolica,Simbologia,Simbologia,Simbolo |
| STE | 0 | 0 | |a 信经学,象征,艺术,诠释学,解释学,象征,标记,记号 |
| STF | 0 | 0 | |a 信經學,象徵,藝術,詮釋學,解釋學,象徵,標記,記號 |
| STG | 0 | 0 | |a Arte,Arte,Hermenêutica,Simbolismo,Simbolismo,Símbolo |
| STH | 0 | 0 | |a Герменевтика,Искусство (мотив),Искусство,Символ,Символика,Символика (богословие) |
| STI | 0 | 0 | |a Ερμηνευτική,Συμβολισμός,Συμβολική (θεολογία),Σύμβολο,Τέχνη (μοτίβο),Τέχνη |
| SUB | |a BIB |a REL | ||
| SYE | 0 | 0 | |a Auslegung , Sinnbild,Symbole |
| SYG | 0 | 0 | |a Sinnbild,Symbole , Bildende Kunst,Kunstdenkmal |



